[Event "eytcc"]
[Site "?"]
[Date "2017.08.23"]
[Round "7.37"]
[White "Dobrovoljc, Vid"]
[Black "Jakab, Bela"]
[Result "1/2-1/2"]
[BlackElo "2195"]
[WhiteElo "2303"]
[LiveChessVersion "1.4.4"]

1. Nf3 {[%clk 1:30:49]} e6 {[%clk 1:30:51]} 2. g3 {[%clk 1:31:06]} b6
{[%clk 1:31:04]} 3. Bg2 {[%clk 1:31:16]} Bb7 {[%clk 1:31:27]} 4. c4
{[%clk 1:30:05]} Nf6 {[%clk 1:31:35]} 5. O-O {[%clk 1:29:44]} Be7
{[%clk 1:31:37]} 6. d4 {[%clk 1:30:38]} c5 {[%clk 1:29:14]} 7. d5
{[%clk 1:29:40]} exd5 {[%clk 1:20:40]} 8. Nh4 {[%clk 1:29:50]} d6
{[%clk 1:20:37]} 9. Nf5 {[%clk 1:26:16]} O-O {[%clk 1:18:53]} 10. Nc3
{[%clk 1:25:23]} Qd7 {[%clk 1:09:32]} 11. Nxe7+ {[%clk 1:16:54]} Qxe7
{[%clk 1:09:56]} 12. cxd5 {[%clk 1:04:09]} Nbd7 {[%clk 1:06:20]} 13. a4
{[%clk 1:01:39]} Rfe8 {[%clk 0:56:59]} 14. h3 {[%clk 0:51:47]} a6
{[%clk 0:49:59]} 15. Re1 {[%clk 0:43:58]} Rac8 {[%clk 0:40:53]} 16. b3
{[%clk 0:36:16]} a5 {[%clk 0:34:09]} 17. Rb1 {[%clk 0:33:22]} Nb8
{[%clk 0:31:49]} 18. e4 {[%clk 0:27:42]} Na6 {[%clk 0:31:08]} 19. Bb2
{[%clk 0:25:43]} c4 {[%clk 0:30:04]} 20. Nb5 {[%clk 0:19:40]} Nd7
{[%clk 0:18:56]} 21. Qd4 {[%clk 0:18:24]} f6 {[%clk 0:19:21]} 22. bxc4
{[%clk 0:18:09]} Nac5 {[%clk 0:19:30]} 23. Qd1 {[%clk 0:14:57]} Ba6
{[%clk 0:19:36]} 24. Rc1 {[%clk 0:14:18]} Ne5 {[%clk 0:19:24]} 25. Bf1
{[%clk 0:14:39]} Bxb5 {[%clk 0:17:05]} 26. axb5 {[%clk 0:13:40]} Qf7
{[%clk 0:15:59]} 27. f4 {[%clk 0:12:07]} Ned7 {[%clk 0:16:18]} 28. Bg2
{[%clk 0:12:25]} Qg6 {[%clk 0:15:39]} 29. Qf3 {[%clk 0:12:28]} a4
{[%clk 0:15:16]} 30. h4 {[%clk 0:12:05]} Nb3 {[%clk 0:15:01]} 31. Bh3
{[%clk 0:11:41]} Rc7 {[%clk 0:13:02]} 32. Be6+ {[%clk 0:09:39]} Kh8
{[%clk 0:13:01]} 33. Rc2 {[%clk 0:08:58]} Ndc5 {[%clk 0:13:00]} 34. f5
{[%clk 0:08:29]} Qh6 {[%clk 0:13:24]} 35. Qf2 {[%clk 0:07:14]} Nd3
{[%clk 0:13:05]} 36. Qe3 {[%clk 0:03:27]} Qxe3+ {[%clk 0:13:20]} 37. Rxe3
{[%clk 0:03:53]} Nxb2 {[%clk 0:13:45]} 38. Rxb2 {[%clk 0:03:36]} Rxc4
{[%clk 0:14:08]} 39. Kf2 {[%clk 0:02:35]} Ra8 {[%clk 0:12:36]} 40. Ra2
{[%clk 0:31:40]} Ra5 {[%clk 0:41:33]} 41. Bd7 {[%clk 0:30:06]} Kg8
{[%clk 0:41:17]} 42. Bc6 {[%clk 0:30:01]} Kf7 {[%clk 0:40:59]} 43. g4
{[%clk 0:26:14]} Nd4 {[%clk 0:40:31]} 44. Kg2 {[%clk 0:22:41]} Ke7
{[%clk 0:31:21]} 45. Kf2 {[%clk 0:20:28]} Nxc6 {[%clk 0:25:31]} 46. bxc6
{[%clk 0:20:15]} b5 {[%clk 0:25:55]} 47. g5 {[%clk 0:20:10]} b4 {[%clk 0:18:18]}
48. gxf6+ {[%clk 0:19:10]} gxf6 {[%clk 0:16:59]} 49. Rg3 {[%clk 0:18:35]} Kf7
{[%clk 0:16:13]} 50. Kg1 {[%clk 0:18:40]} b3 {[%clk 0:09:37]} 51. Rag2
{[%clk 0:18:43]} Rc1+ {[%clk 0:10:01]} 52. Kh2 {[%clk 0:17:25]} Rc2
{[%clk 0:10:25]} 53. Rxc2 {[%clk 0:14:25]} bxc2 {[%clk 0:10:30]} 1/2-1/2

[Event "eytcc"]
[Site "?"]
[Date "2017.08.23"]
[Round "7.38"]
[White "Molnar, Erno"]
[Black "Zamar Kodelja, Jurij"]
[Result "1-0"]
[BlackElo "2251"]
[WhiteElo "2194"]
[LiveChessVersion "1.4.4"]

1. e4 {[%clk 1:30:58]} c5 {[%clk 1:30:52]} 2. Nf3 {[%clk 1:31:22]} d6
{[%clk 1:31:12]} 3. d4 {[%clk 1:31:47]} cxd4 {[%clk 1:31:35]} 4. Nxd4
{[%clk 1:32:13]} Nf6 {[%clk 1:31:56]} 5. Nc3 {[%clk 1:32:35]} g6 {[%clk 1:32:13]}
6. Be3 {[%clk 1:32:51]} Bg7 {[%clk 1:32:36]} 7. f3 {[%clk 1:33:08]} O-O
{[%clk 1:32:59]} 8. Qd2 {[%clk 1:33:32]} Nc6 {[%clk 1:33:24]} 9. Bc4
{[%clk 1:33:52]} Bd7 {[%clk 1:33:44]} 10. O-O-O {[%clk 1:34:06]} Rc8
{[%clk 1:33:06]} 11. Bb3 {[%clk 1:34:28]} Nxd4 {[%clk 1:32:35]} 12. Bxd4
{[%clk 1:34:48]} b5 {[%clk 1:32:57]} 13. Nd5 {[%clk 1:34:57]} Nxd5
{[%clk 1:32:59]} 14. Bxg7 {[%clk 1:35:12]} Kxg7 {[%clk 1:33:24]} 15. exd5
{[%clk 1:35:34]} a5 {[%clk 1:33:48]} 16. a3 {[%clk 1:35:41]} Kg8 {[%clk 1:32:55]}
17. Rhe1 {[%clk 1:26:36]} b4 {[%clk 1:32:05]} 18. axb4 {[%clk 1:26:03]} axb4
{[%clk 1:32:28]} 19. Qxb4 {[%clk 1:26:21]} Rc5 {[%clk 1:32:51]} 20. Rd4
{[%clk 1:24:39]} Re8 {[%clk 1:27:56]} 21. Rde4 {[%clk 1:23:32]} Bf5
{[%clk 1:25:51]} 22. R4e3 {[%clk 1:22:27]} Qa8 {[%clk 1:25:59]} 23. Rc3
{[%clk 1:20:50]} Rb8 {[%clk 1:19:09]} 24. Qa4 {[%clk 1:19:50]} Ra5
{[%clk 1:18:44]} 25. Qd4 {[%clk 1:14:28]} Re8 {[%clk 1:09:26]} 26. g4
{[%clk 1:02:53]} Bd7 {[%clk 1:05:00]} 27. Rce3 {[%clk 0:59:47]} Ba4
{[%clk 1:00:09]} 28. Bc4 {[%clk 0:50:53]} Qd8 {[%clk 1:00:21]} 29. h4
{[%clk 0:42:33]} Bd7 {[%clk 1:00:42]} 30. b3 {[%clk 0:41:05]} Qa8
{[%clk 1:00:46]} 31. Kd2 {[%clk 0:39:56]} e5 {[%clk 0:57:27]} 32. dxe6
{[%clk 0:38:24]} Bxe6 {[%clk 0:57:16]} 33. Rxe6 {[%clk 0:35:46]} fxe6
{[%clk 0:57:04]} 34. Rxe6 {[%clk 0:34:59]} Rxe6 {[%clk 0:57:06]} 35. Bxe6+
{[%clk 0:35:23]} Kf8 {[%clk 0:57:31]} 36. Qf6+ {[%clk 0:35:47]} 1-0

[Event "eytcc"]
[Site "?"]
[Date "2017.08.23"]
[Round "7.39"]
[White "Brinovec, David"]
[Black "Matis, Tibor"]
[Result "1-0"]
[BlackElo "1947"]
[WhiteElo "2178"]
[LiveChessVersion "1.4.4"]

1. e4 {[%clk 1:30:58]} c5 {[%clk 1:30:50]} 2. c3 {[%clk 1:31:24]} d5
{[%clk 1:30:47]} 3. exd5 {[%clk 1:31:45]} Qxd5 {[%clk 1:31:11]} 4. d4
{[%clk 1:32:11]} Nc6 {[%clk 1:30:45]} 5. Nf3 {[%clk 1:32:35]} Bg4
{[%clk 1:30:17]} 6. Be2 {[%clk 1:32:57]} e6 {[%clk 1:26:16]} 7. Na3
{[%clk 1:32:36]} cxd4 {[%clk 1:20:09]} 8. Nb5 {[%clk 1:31:52]} Rc8
{[%clk 1:18:49]} 9. Nbxd4 {[%clk 1:31:14]} Nf6 {[%clk 1:17:15]} 10. O-O
{[%clk 1:29:16]} Be7 {[%clk 1:16:03]} 11. Nxc6 {[%clk 1:26:03]} bxc6
{[%clk 1:14:16]} 12. Qa4 {[%clk 1:25:23]} Qe4 {[%clk 1:03:57]} 13. Qxe4
{[%clk 1:20:40]} Nxe4 {[%clk 1:03:27]} 14. Ba6 {[%clk 1:20:20]} Rb8
{[%clk 1:01:32]} 15. Ne5 {[%clk 1:19:35]} Rb6 {[%clk 0:54:31]} 16. Bd3
{[%clk 1:18:49]} Bf5 {[%clk 0:51:46]} 17. g4 {[%clk 1:17:38]} Bxg4
{[%clk 0:35:57]} 18. Bxe4 {[%clk 1:16:06]} Bh3 {[%clk 0:33:46]} 19. Bxc6+
{[%clk 1:15:43]} Rxc6 {[%clk 0:33:52]} 20. Nxc6 {[%clk 1:16:06]} Bxf1
{[%clk 0:34:18]} 21. Kxf1 {[%clk 1:15:45]} Bd6 {[%clk 0:34:36]} 22. h3
{[%clk 1:15:27]} a6 {[%clk 0:34:35]} 23. Nb4 {[%clk 1:15:18]} a5 {[%clk 0:34:39]}
24. Nc6 {[%clk 1:15:41]} Bc7 {[%clk 0:34:55]} 25. b4 {[%clk 1:15:59]} axb4
{[%clk 0:35:16]} 26. cxb4 {[%clk 1:16:23]} Kd7 {[%clk 0:34:54]} 27. b5
{[%clk 1:16:44]} Ra8 {[%clk 0:35:07]} 28. a4 {[%clk 1:16:43]} Bb6
{[%clk 0:27:50]} 29. Ne5+ {[%clk 1:14:05]} Ke7 {[%clk 0:27:44]} 30. Be3
{[%clk 1:14:26]} Ba5 {[%clk 0:27:48]} 31. Nc6+ {[%clk 1:12:19]} Kd7
{[%clk 0:28:09]} 32. Nxa5 {[%clk 1:12:44]} Rxa5 {[%clk 0:28:36]} 33. Bb6
{[%clk 1:12:58]} Ra8 {[%clk 0:28:59]} 34. a5 {[%clk 1:13:17]} 1-0

[Event "eytcc"]
[Site "?"]
[Date "2017.08.23"]
[Round "7.40"]
[White "Bugar, Peter"]
[Black "Subelj, Jan"]
[Result "0-1"]
[BlackElo "2120"]
[WhiteElo "1807"]
[LiveChessVersion "1.4.4"]

1. c4 {[%clk 1:30:57]} e6 {[%clk 1:30:53]} 2. Nc3 {[%clk 1:31:22]} d5
{[%clk 1:31:15]} 3. e3 {[%clk 1:31:42]} Nf6 {[%clk 1:31:31]} 4. Nf3
{[%clk 1:31:52]} Be7 {[%clk 1:31:39]} 5. b3 {[%clk 1:31:59]} O-O {[%clk 1:31:56]}
6. Bb2 {[%clk 1:32:21]} c5 {[%clk 1:32:12]} 7. cxd5 {[%clk 1:30:34]} exd5
{[%clk 1:32:38]} 8. d4 {[%clk 1:30:31]} b6 {[%clk 1:32:51]} 9. Be2
{[%clk 1:29:19]} Be6 {[%clk 1:33:05]} 10. O-O {[%clk 1:28:37]} Nbd7
{[%clk 1:33:13]} 11. Rc1 {[%clk 1:25:56]} Qc7 {[%clk 1:30:06]} 12. Ba3
{[%clk 1:17:48]} Qb7 {[%clk 1:29:58]} 13. dxc5 {[%clk 1:06:59]} bxc5
{[%clk 1:22:23]} 14. Ng5 {[%clk 1:00:54]} Rfd8 {[%clk 1:19:22]} 15. Nxe6
{[%clk 0:45:37]} fxe6 {[%clk 1:19:41]} 16. g4 {[%clk 0:38:17]} Rac8
{[%clk 1:18:57]} 17. g5 {[%clk 0:35:49]} Ne4 {[%clk 1:17:51]} 18. Nxe4
{[%clk 0:34:39]} dxe4 {[%clk 1:18:03]} 19. Bc4 {[%clk 0:33:10]} Ne5
{[%clk 1:14:21]} 20. Bxe6+ {[%clk 0:29:11]} Kh8 {[%clk 1:14:13]} 21. Bxc8
{[%clk 0:29:07]} Qxc8 {[%clk 1:14:36]} 22. Qh5 {[%clk 0:21:20]} g6
{[%clk 1:14:59]} 23. Qe2 {[%clk 0:21:30]} Nf3+ {[%clk 1:15:09]} 24. Kh1
{[%clk 0:21:18]} Qh3 {[%clk 1:10:19]} 25. Bb2+ {[%clk 0:21:30]} Rd4
{[%clk 1:10:45]} 26. Bxd4+ {[%clk 0:05:53]} cxd4 {[%clk 1:11:08]} 27. Rc8+
{[%clk 0:06:09]} Kg7 {[%clk 1:11:32]} 28. Rg8+ {[%clk 0:06:13]} Kxg8
{[%clk 1:11:56]} 29. Qc4+ {[%clk 0:06:31]} Kg7 {[%clk 1:12:23]} 0-1

[Event "eytcc"]
[Site "?"]
[Date "2017.08.23"]
[Round "7.41"]
[White "De Waele, Warre"]
[Black "Czopor, Maciej"]
[Result "1-0"]
[BlackElo "2105"]
[WhiteElo "2168"]
[LiveChessVersion "1.4.4"]

1. d4 Nf6 2. c4 e6 3. Nf3 d5 4. g3 g6 5. Bg2 Bg7 6. O-O O-O 7. Qc2 b6 8. cxd5
exd5 9. Bf4 Na6 10. Nc3 c5 11. dxc5 Bf5 12. Qa4 Nxc5 13. Qd1 Nce4 14. Be5 Re8 15.
Bd4 Qe7 16. Rc1 Rad8 17. e3 g5 18. Ne5 Rc8 19. Qa4 Nc5 20. Qa3 Nfe4 21. Nf3 Bf8
22. Rfd1 Qb7 23. Bxc5 Nxc5 24. Nxd5 Ne4 25. Rxc8 Rxc8 26. Qb3 Kg7 27. Nd4 Bg6 28.
Nc3 Qe7 29. Nxe4 Bxe4 30. Bxe4 Qxe4 31. Qd3 Qxd3 32. Rxd3 Kf6 33. g4 Ke5 34. Rd2
Ke4 35. Kg2 Bb4 36. Rd1 a5 37. Nf3 Bc5 38. Nxg5+ Ke5 39. Nxf7+ Kf6 40. Nd6 Rc6
41. Ne4+ Ke5 42. Nxc5 Rxc5 43. Rd2 Rc1 44. f4+ Kf6 45. e4 b5 46. e5+ Kf7 47. Re2
b4 48. f5 Rc8 49. e6+ Ke7 50. g5 Rg8 51. f6+ Kf8 52. h4 h6 53. Re5 a4 54. Rc5
Rxg5+ 55. hxg5 Kg8 56. g6 a3 57. Rc8# 1-0

[Event "eytcc"]
[Site "?"]
[Date "2017.08.23"]
[Round "7.42"]
[White "Guzik, Kacper"]
[Black "Boudry, William"]
[Result "0-1"]
[BlackElo "1965"]
[WhiteElo "1243"]
[LiveChessVersion "1.4.4"]

1. e4 d6 2. d4 Nf6 3. Nc3 g6 4. Bd3 Bg7 5. Nge2 e5 6. dxe5 dxe5 7. O-O O-O 8. Bg5
c6 9. Qd2 Re8 10. Rad1 Be6 11. Kh1 Nbd7 12. f4 exf4 13. Qxf4 Qb8 14. Qh4 Ng4 15.
Nf4 Nge5 16. Nxe6 Rxe6 17. Bc4 Nxc4 18. Rxd7 Qe8 19. Rxb7 Nd6 20. Re7 Rxe7 21.
Bxe7 Nc4 22. Bf6 Bxf6 23. Qxf6 Nxb2 24. Nb5 cxb5 25. Qxb2 a6 26. Qb3 Qe6 27. Qxe6
fxe6 28. Kg1 Rc8 29. Rf2 Rc3 30. Re2 Ra3 31. Kf2 Rxa2 32. c4 Rxe2+ 33. Kxe2 bxc4
34. Kd2 Kf7 35. e5 Ke7 36. Kc3 Kd7 37. Kxc4 Kc6 38. h4 a5 39. g4 a4 40. Kb4 Kd5
41. Kxa4 Kxe5 42. Kb4 Kd4 0-1

[Event "eytcc"]
[Site "?"]
[Date "2017.08.23"]
[Round "7.43"]
[White "De Bock, Thijs"]
[Black "Jaszczuk, Mateusz"]
[Result "1-0"]
[BlackElo "1472"]
[WhiteElo "1951"]
[LiveChessVersion "1.4.4"]

1. c4 {[%clk 1:30:56]} e5 {[%clk 1:29:54]} 2. Nc3 {[%clk 1:31:22]} Nf6
{[%clk 1:30:14]} 3. Nf3 {[%clk 1:31:47]} Nc6 {[%clk 1:30:10]} 4. g3
{[%clk 1:32:13]} d5 {[%clk 1:28:38]} 5. cxd5 {[%clk 1:32:39]} Nxd5
{[%clk 1:28:58]} 6. Bg2 {[%clk 1:33:05]} Nb6 {[%clk 1:28:29]} 7. O-O
{[%clk 1:33:29]} Be6 {[%clk 1:26:20]} 8. d3 {[%clk 1:33:30]} Be7 {[%clk 1:25:57]}
9. Be3 {[%clk 1:30:37]} f5 {[%clk 1:12:05]} 10. Na4 {[%clk 1:28:54]} Nxa4
{[%clk 1:08:04]} 11. Qxa4 {[%clk 1:29:18]} O-O {[%clk 0:40:24]} 12. Rac1
{[%clk 1:28:02]} Bd5 {[%clk 0:24:38]} 13. Bc5 {[%clk 1:26:21]} Bd6
{[%clk 0:11:16]} 14. b4 {[%clk 1:23:08]} Qe7 {[%clk 0:07:18]} 15. Qc2
{[%clk 1:21:14]} Rac8 {[%clk 0:03:34]} 16. b5 {[%clk 1:19:56]} Nb4
{[%clk 0:03:25]} 17. Bxb4 {[%clk 1:20:11]} Bxb4 {[%clk 0:03:47]} 18. Rfd1
{[%clk 1:18:20]} f4 {[%clk 0:02:15]} 19. d4 {[%clk 1:18:15]} e4 {[%clk 0:02:00]}
20. Ne5 {[%clk 1:18:33]} f3 {[%clk 0:02:14]} 21. exf3 {[%clk 1:18:12]} exf3
{[%clk 0:02:35]} 22. Bh3 {[%clk 1:17:47]} Be6 {[%clk 0:02:27]} 23. Bf1
{[%clk 1:18:13]} Rfd8 {[%clk 0:00:52]} 24. Bd3 {[%clk 1:17:56]} g6
{[%clk 0:01:03]} 25. Be4 {[%clk 1:18:07]} Bd5 {[%clk 0:01:10]} 26. Bxd5+
{[%clk 1:17:58]} Rxd5 {[%clk 0:01:33]} 27. Qc4 {[%clk 1:18:03]} Qd6
{[%clk 0:01:19]} 28. Rd3 {[%clk 1:17:50]} Bc5 {[%clk 0:00:33]} 29. dxc5
{[%clk 1:18:09]} 1-0

[Event "eytcc"]
[Site "?"]
[Date "2017.08.23"]
[Round "7.44"]
[White "Kosztyla, Mateusz"]
[Black "Van Malder, Dries"]
[Result "0-1"]
[BlackElo "1916"]
[WhiteElo "1266"]
[LiveChessVersion "1.4.4"]

1. e4 c5 2. Nf3 d6 3. d4 cxd4 4. Nxd4 Nf6 5. Nc3 Nc6 6. Bg5 e6 7. Qd2 a6 8. O-O-O
Bd7 9. f4 b5 10. Nxc6 Bxc6 11. e5 dxe5 12. Qxd8+ Rxd8 13. Rxd8+ Kxd8 14. fxe5 h6
15. Bxf6+ gxf6 16. exf6 Rg8 17. Bd3 Rxg2 18. Be4 Bxe4 19. Nxe4 Re2 20. Ng3 Rf2
21. Nh5 Rf5 22. Rd1+ Kc7 23. Ng3 Rxf6 24. Rd3 Rf2 25. Rd2 Rxd2 26. Kxd2 Bd6 27.
Nf1 Bf4+ 28. Kd3 f5 29. h3 Kd6 30. a3 e5 31. c4 h5 32. b3 h4 33. cxb5 axb5 34.
Kc3 Kc5 35. Kd3 Bc1 36. Kc2 Bf4 37. Kc3 e4 38. Kc2 Kd4 39. Kd1 Kc3 40. a4 bxa4
41. bxa4 Kb4 42. a5 Kxa5 43. Ke2 Kb4 44. Kd1 Kc3 45. Ke2 Kd4 46. Kf2 Kd3 0-1